logo

UNIFORMES MILITARES ESPAÑOLES. LA GUARDIA CIVIL 1844 1978 (Registro nro. 63572)

Detalles MARC
000 -CABECERA
campo de control de longitud fija 00456nam a2200169Ia 4500
001 - NÚMERO DE CONTROL
campo de control 11684
005 - FECHA Y HORA DE LA ÚLTIMA TRANSACCIÓN
campo de control 20260407094416.0
008 - CÓDIGOS DE INFORMACIÓN DE LONGITUD FIJA
campo de control de longitud fija 260115s9999 xx 000 0 und d
035 ## - NÚMERO DE CONTROL DEL SISTEMA
Número de control de sistema 8486
090 ## - LOCALMENTE ASIGNADO TIPO-LC NÚMERO DE CLASIFICACIÓN (OCLC); NÚMERO DE CLASIFICACIÓN LOCAL (RLIN)
Número de clasificación (OCLC) (R) ; Numero de clasificación CALL (RLIN) (NR) 351.742
100 ## - PUNTO DE ACCESO PRINCIPAL - NOMBRE DE PERSONA
Nombre de persona BUENO CARRERA JOSE MARIA
245 #0 - MENCIÓN DE TÍTULO
Título UNIFORMES MILITARES ESPAÑOLES. LA GUARDIA CIVIL 1844 1978
260 ## - PUBLICACIÓN, DISTRIBUCIÓN, ETC. (PIE DE IMPRENTA)
Lugar de publicación distribución etc. OVIEDO
Nombre del editor distribuidor etc. SUMMA
Fecha de publicación distribución etc. 1979
630 ## - PUNTO DE ACCESO ADICIONAL DE MATERIA--TÍTULO UNIFORME
Título uniforme GUARDIA CIVIL
650 ## - PUNTO DE ACCESO ADICIONAL DE MATERIA--TÉRMINO DE MATERIA
Término de materia o nombre geográfico como elemento inicial UNIFORMES HISTORIA DE LA GUARDIA CIVIL
942 ## - ELEMENTOS DE PUNTO DE ACCESO ADICIONAL (KOHA)
Tipo de ítem Koha Monografías
Existencias
Estado de retiro Estado de pérdida Estado dañado No para préstamo Código de colección Localización permanente Ubicación/localización actual Ubicación en estantería Fecha de adquisición Enumeración/cronología de publicación seriada Número de inventario Número de registro Total de préstamos Signatura topográfica completa Código de barras Fecha visto por última vez Número de copia Precio válido a partir de Tipo de ítem Koha
          Servicio de Estudios Históricos Servicio de Estudios Históricos   30/12/2000 351.742 11415 11415   8486 FH_11684 05/02/2026 2 05/02/2026 Monografías